000 00520nam a2200169Ia 4500
003 GCL
008 140319s9999 xx 000 0 ara d
040 _aGCL /
_cGCL
082 0 4 _a812.05
_bش ا
100 1 _aشوقى عبدالحكيم
245 1 0 _aالاعيان: تراجيكوميديا فى ثلاث فصول /
_cشوقى عبدالحكيم
300 _a117 ص
490 _aمسرحيات عربية
_v0
650 0 4 _aالادب العربى
650 0 4 _aالمسرحيات العربية
942 _2ddc
_cBK
999 _c46047
_d46047